| 000 | 00970 a2200169 4500 | ||
|---|---|---|---|
| 003 | NUST | ||
| 005 | 20230201121728.0 | ||
| 040 | _cNust | ||
| 082 | _a943,KOE | ||
| 100 |
_aKoehler, Hansjurgen _9108357 |
||
| 245 |
_aInside The gestapo / _cHansjurgen Koehler |
||
| 260 |
_aLondon _bPallas Pub _c1940 |
||
| 300 | _a286:p. | ||
| 505 | _aThe Birth Of The Gestapo (Page-13), The Masters Of The Gestapo (Page-26), He Must Be Kidnapped (Page-43), Middle In The Saar (Page-50), Hansi And Ring (Page-67), Hell On Earth (Page-75), The Hunted Hunter (Page-86), Goering In Danger (Page-99), St Bartholomew’s Night-In The 20th Century (Page-113), A Handsome Pole (Page-126), The Fatal File (Page-140), A Thousand Eyes, A Thousand Ears (Page-167), King Carol’s Troubles (Page-183), The Gentle Art Of Murder (Page-210), The Gestapo In Spain (Page-237), I Guard Hitler (Page-267), Odds-And The End (Page-278). | ||
| 650 |
_aInside The gestapo _9108358 |
||
| 942 |
_2ddc _cBK _k943,KOE |
||
| 999 |
_c187256 _d187256 |
||